| 000 | 00424cam a2200169ua 4500 | ||
|---|---|---|---|
| 041 |
_aeng _h |
||
| 082 |
_a551.48 _bVIE/IN |
||
| 100 | _aViessman, Warren . | ||
| 245 |
_aIntroduction to hydrology / _cWarren Viessman. _hTextual Documents |
||
| 250 |
_a5 / _b. |
||
| 260 |
_a : _bPearson Education Asia , _c2007. |
||
| 300 | _a612 ; . | ||
| 504 | _a | ||
| 700 | 1 | _aLewis, Gary L . | |
| 942 | _cBK | ||
| 999 |
_c13337 _d13337 |
||